000 01242nam0a2200301 4500
001 RU\NLR\b_ik\198024
005 20260405135638.0
010 _a978-5-9925-0751-5
_91500
035 _a(NLR Aleph) 002270405
090 _a3942447
_c3942447
100 _a20121024d2012 |||y0rusy50 ca
101 0 _aeng
_arus
102 _aRU
105 _ay |||||||||
200 1 _aThe invisible man
_aThe time machine
_e[книга для чтения на английском языке]
_fHerbert George Wells
_gкоммент. и слов. М.М. Солоницыной
210 _aСанкт-Петербург
_cКАРО
_d2012
215 _a316, [1] с.
_d16
225 1 _aEnglish
_iClassical literature
300 _aВ вып. дан.: Человек-невидимка; Машина времени / Герберт Уэллс
517 0 _aЧеловек-невидимка
517 0 _aМашина времени
606 1 _aАнглийский язык
_jКниги для чтения
_9972309
_3RU\NLR\AUTH\6646032
686 1 _aШ143.21-93рус91
700 1 _4070
_8eng
_7ba
_aWells
_bH. G.
_f1866-1946
_gHerbert George
_3RU\NLR\AUTH\7756016
_938948
801 0 _aRU
_bNLR
_c20121024
_gRCR
942 _cBOOK
980 _aNB